01293 2200397 4500001002100000005001500021035002000036007000300056008004100059020002200100020002200122020002200144040002200166082001200188084001400200090002200214100002500236245017600261250004000437300004200477700002900519700002900548700002500577850001200602504002800614264003000642336002100672337003000693338002300723999002200746650002300768505003300791500002700824990002200851990002200873INLIS00000000086139820210622115313 a0010-0621000933ta210622s2021 yoia fr ind d a978-979-21-6893-8 a978-979-21-6886-0 a978-979-21-6894-5 aYOPDYOGbinderda04223a268 a268 HES p aCB-D.11 2021-05560 aHestinawatiepenulis10aPelangi : buku pendamping pendidikan agama Katolik dan budi pekerti untuk SD kelas IV /cpenulis, Hestinawati; penyunting, Cicilia Heni, Rosalia Emmy; ilustrator, Harnawan aEdisi revisi, Cetakan pertama: 2021 a... halaman :bgambar, tabel ;c25 cm0 aCicilia Heniepenyunting0 aRosalia Emmyepenyunting0 aHarnawaneilustrator aYOPDYOG aBibliografi: halaman 8831aSleman :bKanisius,c2021 2rdacontentateks 2rdamediaatanpa perantara 2rdacarrieravolume aCB-D.11/2021-0556 4aPendidikan Katolik a1. Semester 1, 2. Semester 2 ayang diterima buku 1,2 aCB-D.11/2021-0556 aCB-D.11/2021-0554